| 000 | 00941nam a22002537a 4500 | ||
|---|---|---|---|
| 005 | 20170314085553.0 | ||
| 008 | 170314b mx ||||| |||| 00| 0 spa d | ||
| 020 | _a9786079648619 | ||
| 050 | 0 | 4 |
_aPQ6239.M66 _bV63 2014 |
| 245 | 0 | 0 |
_aVoces impúdicas, vicios políticos y confesiones públicas / _cEfraín Franco Frías...[et al.]. ;prol. Carlos Araque Osorio ; Antologador, Luis Miguel López |
| 250 | _a1a ed. | ||
| 260 |
_aMéxico : _bEscenología ediciones, _c2014 |
||
| 300 |
_a126 p : _bil ; _c21 cm. |
||
| 490 | 0 | _aEscenología /drama | |
| 650 | 4 |
_aMonólogos español _xTeatro _xMujeres |
|
| 650 | 4 |
_aTeatro _xMujeres _xBiografía |
|
| 700 | 1 |
_aFranco Frías, Efraín., _ecoaut. |
|
| 700 | 1 |
_aOstoa, Alejandro., _ecoaut. |
|
| 700 | 1 |
_aRuiz Mercado, José., _ecoaut. |
|
| 700 | 1 |
_aSalcedo, Hugo., _ecoaut. |
|
| 700 | 1 |
_aAraque Osorio, Carlos., _eprol. |
|
| 700 | 1 |
_4López, Luis Miguel., _eAntologador. |
|
| 942 |
_2lcc _cLIB |
||
| 999 |
_c130375 _d130375 |
||